| 000 | 00528nam a22001697a 4500 | ||
|---|---|---|---|
| 003 | OSt | ||
| 005 | 20260428064210.0 | ||
| 008 | 260428b |||||||| |||| 00| 0 eng d | ||
| 020 | _a0-13-170932-1 | ||
| 040 |
_aDWC-Main lib. _cOC |
||
| 082 |
_26th edition _aCirc. 526.9 K21s 2007 |
||
| 100 | _aKavanagh, Barry F. | ||
| 245 |
_aSurveying with construction applications/ _cBarry F. Kavanagh |
||
| 260 |
_aNew Jersey: _bPearson Prentice Hall, _cc2007. |
||
| 760 | _b6th edition | ||
| 942 |
_2ddc _cBK-CIRC _e6th edition _hCirc. _n0 |
||
| 999 |
_c10024 _d10024 |
||